| 000 -LEADER |
| fixed length control field |
01859nam a2200493 i 4500 |
| 001 - CONTROL NUMBER |
| control field |
991039567709706706 |
| 003 - CONTROL NUMBER IDENTIFIER |
| control field |
ES-BaBAB |
| 005 - DATE AND TIME OF LATEST TRANSACTION |
| control field |
20260428105351.0 |
| 008 - FIXED-LENGTH DATA ELEMENTS--GENERAL INFORMATION |
| fixed length control field |
171130s2017 spc|||| |||| 0|0 0 spa| |
| 015 ## - NATIONAL BIBLIOGRAPHY NUMBER |
| National bibliography number |
LL2017 |
| Source |
bnc |
| 017 ## - COPYRIGHT OR LEGAL DEPOSIT NUMBER |
| Copyright or legal deposit number |
DL B 19633-2017 |
| -- |
DL B 1301-2022 |
| Assigning agency |
Biblioteca de Catalunya |
| 020 ## - INTERNATIONAL STANDARD BOOK NUMBER |
| International Standard Book Number |
9788425438547 |
| 020 ## - INTERNATIONAL STANDARD BOOK NUMBER |
| International Standard Book Number |
9788425448126 |
| 035 ## - SYSTEM CONTROL NUMBER |
| System control number |
(ES-BaCBU).b69788352 |
| 035 ## - SYSTEM CONTROL NUMBER |
| System control number |
(OCoLC)1078195545 |
| 040 ## - CATALOGING SOURCE |
| Original cataloging agency |
ES-BaBC |
| Language of cataloging |
cat |
| Description conventions |
rda |
| Transcribing agency |
ES-BaBC |
| 041 1# - LANGUAGE CODE |
| Language code of text/sound track or separate title |
spa |
| Language code of original |
ger |
| 100 1# - MAIN ENTRY--PERSONAL NAME |
| Personal name |
Han, Byung-Chul |
| Relator term |
autor |
| 9 (RLIN) |
210873 |
| 240 10 - UNIFORM TITLE |
| Uniform title |
Müdigkeitsgesellschaft. |
| Language of a work |
Castellà |
| 245 13 - TITLE STATEMENT |
| Title |
La Sociedad del cansancio / |
| Statement of responsibility, etc. |
Byung-Chul Han ; traducción de Arantzazu Saratxaga Arregi, Alberto Ciria |
| 250 ## - EDITION STATEMENT |
| Edition statement |
Segunda edición ampliada |
| 264 #1 - PRODUCTION, PUBLICATION, DISTRIBUTION, MANUFACTURE, AND COPYRIGHT NOTICE |
| Place of production, publication, distribution, manufacture |
Barcelona : |
| Name of producer, publisher, distributor, manufacturer |
Herder, |
| Date of production, publication, distribution, manufacture, or copyright notice |
[2017] |
| 300 ## - PHYSICAL DESCRIPTION |
| Extent |
118 pàgines ; |
| Dimensions |
20 cm |
| 336 ## - CONTENT TYPE |
| Content type term |
text |
| Content type code |
txt |
| Source |
rdacontent |
| 337 ## - MEDIA TYPE |
| Media type term |
sense mediació |
| Media type code |
n |
| Source |
rdamedia |
| 338 ## - CARRIER TYPE |
| Carrier type term |
volum |
| Carrier type code |
nc |
| Source |
rdacarrier |
| 490 1# - SERIES STATEMENT |
| Series statement |
Pensamiento Herder |
| 500 ## - GENERAL NOTE |
| General note |
Reimpressions: 2018, 2019, 2020, 2021, 2022 |
| 500 ## - GENERAL NOTE |
| General note |
Títol original: Die Müdigkeitsgesellschaft |
| 504 ## - BIBLIOGRAPHY, ETC. NOTE |
| Bibliography, etc. note |
Referències bibliogràfiques |
| 650 #7 - SUBJECT ADDED ENTRY--TOPICAL TERM |
| Topical term or geographic name entry element |
Depressió psíquica |
| Source of heading or term |
thub |
| 9 (RLIN) |
78147 |
| 650 #7 - SUBJECT ADDED ENTRY--TOPICAL TERM |
| Topical term or geographic name entry element |
Salut mental |
| Source of heading or term |
thub |
| 9 (RLIN) |
23991 |
| 650 #7 - SUBJECT ADDED ENTRY--TOPICAL TERM |
| Topical term or geographic name entry element |
Síndrome d'esgotament professional |
| Source of heading or term |
thub |
| 9 (RLIN) |
193755 |
| 650 #7 - SUBJECT ADDED ENTRY--TOPICAL TERM |
| Topical term or geographic name entry element |
Depressió psíquica |
| General subdivision |
Aspectes socials |
| Source of heading or term |
lemac |
| 9 (RLIN) |
210878 |
| 650 #7 - SUBJECT ADDED ENTRY--TOPICAL TERM |
| Topical term or geographic name entry element |
Síndrome d'esgotament professional |
| General subdivision |
Aspectes socials |
| Source of heading or term |
lemac |
| 9 (RLIN) |
264177 |
| 700 1# - ADDED ENTRY--PERSONAL NAME |
| Personal name |
Ciria, Alberto |
| Dates associated with a name |
1967- |
| Relator term |
traductor |
| 9 (RLIN) |
16569 |
| 830 #0 - SERIES ADDED ENTRY--UNIFORM TITLE |
| Uniform title |
Pensamiento Herder |
| 9 (RLIN) |
104382 |
| 907 ## - LOCAL DATA ELEMENT G, LDG (RLIN) |
| a |
.b69788352 |
| b |
21-06-21 |
| c |
30-11-17 |
| d |
30-11-17 |
| e |
m |
| f |
a |
| g |
- |
| h |
spa |
| i |
spc |
| j |
0 |
| k |
1 |
| 908 ## - PUT COMMAND PARAMETER (RLIN) |
| Put command parameter |
UIC |
| -- |
UdG |
| -- |
BPEB |
| -- |
UPF |
| -- |
BMON |
| -- |
UAO |
| -- |
CDMAE |
| -- |
UAB |
| -- |
URL |
| -- |
UB |
| -- |
RS |
| -- |
BC |
| -- |
URV |
| -- |
MEB |
| 940 ## - EQUIVALENCE OR CROSS-REFERENCE--UNIFORM TITLE [OBSOLETE] [CAN/MARC only] |
| Uniform title |
BC |
| 942 ## - ADDED ENTRY ELEMENTS (KOHA) |
| Source of classification or shelving scheme |
|
| Koha item type |
Llibres |
| Koha issues (borrowed), all copies |
11 |